| 000 | 02044nam a22002177a 4500 | ||
|---|---|---|---|
| 003 | NALT | ||
| 005 | 20230501092755.0 | ||
| 008 | s2545 th o tha d | ||
| 040 | _aNALT | ||
| 086 | _aสผ 03 3.1 328.32 2545 | ||
| 110 | 2 |
_aสำนักงานเลขาธิการสภาผู้แทนราษฎร. _bกลุ่มงานนโยบายและแผน _932917 |
|
| 245 | 1 | 0 |
_aการแบ่งส่วนราชการและการกำหนดหน้าที่ความรับผิดชอบสำนักงานเลขาธิการสภาผู้แทนราษฎร / _cกลุ่มงานนโยบายและแผน สำนักงานเลขาธิการสภาผู้แทนราษฎร. |
| 260 |
_aกรุงเทพฯ : _bกลุ่มงานนโยบายและแผน สำนักงานเลขาธิการสภาผู้แทนราษฎร, _c2545. |
||
| 300 |
_a1 เล่ม ; _c29 ซม. |
||
| 505 | 2 | _aผังแสดงการแบ่งส่วนราชการ การกำหนดหน้าที่ความรับผิดชอบและสายการบังคับบัญชาของสำนักงานเลขาธิการสภาผู้แทนราษฎร -- การมอบหมายการบริหารราชการ -- การแบ่งส่วนราชการของสำนักงานเลขาธิการสภาผู้แทนราษฎร -- หน้าที่ความรับผิดชอบของส่วนราชการภายใน. | |
| 650 | 4 |
_918764 _aการจัดส่วนราชการ |
|
| 850 | _aNALT | ||
| 856 | 4 | 0 |
_uhttps://dl.parliament.go.th/handle/20.500.13072/611500 _yเอกสารฉบับเต็ม |
| 942 |
_cPAR _2local |
||
| 996 |
_ajamriang.p _bCATSTF _c2023-04-27 |
||
| 999 |
_c37750 _d37750 |
||
| 998 |
_j1524 _k นางสาวศรัณย์ภร ชำนาญป่า |
||